Best Sign Collection (Record no. 11977)
[ view plain ]
| 000 -CABECERA | |
|---|---|
| campo de control de longitud fija | 00642nam a2200217 4500 |
| 003 - IDENTIFICADOR DEL NÚMERO DE CONTROL | |
| campo de control | OSt |
| 005 - FECHA Y HORA DE LA ÚLTIMA TRANSACCIÓN | |
| campo de control | 20260530113907.0 |
| 008 - DATOS DE LONGITUD FIJA--INFORMACIÓN GENERAL | |
| campo de control de longitud fija | 260508b2005 tok||||| |||| 00| 0 eng d |
| 040 ## - FUENTE DE LA CATALOGACIÓN | |
| Centro catalogador/agencia de origen | ICI |
| Lengua de catalogación | spa |
| Centro/agencia transcriptor | ICI |
| 041 ## - CÓDIGO DE LENGUA | |
| Código de lengua del texto/banda sonora o título independiente | eng |
| 050 ## - SIGNATURA TOPOGRÁFICA DE LA BIBLIOTECA DEL CONGRESO | |
| Número de clasificación | NC1002 |
| Número de documento/Ítem | B47 2005 |
| 245 10 - MENCIÓN DE TÍTULO | |
| Título | Best Sign Collection |
| Resto del título | Vol. 2 Community Identity, Corporate Identity |
| 264 #1 - PRODUCCIÓN, PUBLICACIÓN, DISTRIBUCIÓN, FABRICACIÓN Y COPYRIGHT | |
| Producción, publicación, distribución, fabricación y copyright | Graphic-sha Publishing |
| Nombre del de productor, editor, distribuidor, fabricante | 2005 |
| 300 ## - DESCRIPCIÓN FÍSICA | |
| Extensión | 272 páginas: |
| Otras características físicas | ilustraciones |
| 336 ## - TIPO DE CONTENIDO | |
| Término de tipo de contenido | texto |
| Fuente | rdacontent |
| 337 ## - TIPO DE MEDIO | |
| Nombre/término del tipo de medio | sin medio |
| Fuente | rdamedia |
| 338 ## - TIPO DE SOPORTE | |
| Nombre/término del tipo de soporte | volumen |
| Fuente | rdacarrier |
| 650 ## - PUNTO DE ACCESO ADICIONAL DE MATERIA--TÉRMINO DE MATERIA | |
| Término de materia o nombre geográfico como elemento de entrada | Señalización |
| Subdivisión general | Diseño. |
| 9 (RLIN) | 32883 |
| 700 ## - PUNTO DE ACCESO ADICIONAL--NOMBRE DE PERSONA | |
| Nombre de persona | best sing collection |
| Término indicativo de función/relación | edit |
| 9 (RLIN) | 32884 |
| 942 ## - ELEMENTOS DE PUNTO DE ACCESO ADICIONAL (KOHA) | |
| Fuente del sistema de clasificación o colocación | Library of Congress Classification |
| Tipo de ítem Koha | |
| Suprimir en OPAC | 1 |
No items available.